Capital Quiz - Statistics

General Stats
  • This quiz has been taken 32 times
  • The average score is 11 of 15
Answer Stats
Hint Answer % Correct
Australia Canberra
100%
Denmark Copenhagen
95%
Finland Helsinki
95%
Spain Madrid
95%
Lebanon Beirut
90%
Peru Lima
86%
Panama Panama City
86%
Uraguay Montevideo
81%
Croatia Zagreb
81%
North Korea Pyongyang
71%
Zimbabwe Harare
57%
Trinidad and Tobago Port of Spain
52%
Zambia Lusaka
48%
Vanuatu Port Vila
29%
Palau Ngerulmud
19%
No matching quizzes found
Score Distribution
Percent of People with Each Score
Percentile by Number Answered
Your Score History
You have not taken this quiz